| 000 | 00000ngm 2200000za 4500 |
| 001 | 9.845351 |
| 003 | CaOODSP |
| 005 | 20221107152941 |
| 006 | m o c f |
| 007 | cr cna|||a|||| |
| 008 | 171011s2016 onc034 fo vleng d |
| 040 | |aCaOODSP|beng |
| 043 | |an-cn--- |
| 086 | 1 |aRv4-90/2016E-MP4 |
| 245 | 00|aHow to complete a GST/HST return |h[electronic resource] / |cCanada Revenue Agency. |
| 260 | |a[Ottawa] : |bCanada Revenue Agency, |c2016. |
| 300 | |a1 streaming video (33 min., 39 sec.) : |bsd., col. |
| 500 | |aIssued also in French under title: Comment remplir une déclaration de la TPS/TVH. |
| 500 | |aTitle from title screen. |
| 500 | |a"November 2016." |
| 500 | |aVideo transcript in HTML format provided by publisher. |
| 520 | |a"This webinar is about goods and services tax/harmonized sales tax (GST/HST) returns. It provides employers with step-by-step instructions on how to claim input tax credits, calculate the net tax, and complete the return"--Provided by publisher. |
| 538 | |aSystem requirements: Windows Media Player. |
| 538 | |aMode of access: World Wide Web. |
| 692 | 07|2gccst|aSales taxes |
| 692 | 07|2gccst|aTax credits |
| 692 | 07|2gccst|aBusinesses |
| 710 | 2 |aCanada Revenue Agency. |
| 775 | 08|tComment remplir une déclaration de la TPS/TVH |w(CaOODSP)9.845354 |
| 856 | 40|qMP4|s97.09 MB|uhttps://publications.gc.ca/collections/collection_2017/arc-cra/Rv4-90-2016-eng.mp4|zVideo |
| 856 | 4 |qHTML|sN/A|uhttps://www.canada.ca/en/revenue-agency/news/cra-multimedia-library/businesses-video-gallery/transcript-complete-a-gst-hst-return.html|zTranscript |